000 006440000a22001810004500
003 MACL
005 20160731134040.0
008 160731b xxu||||| |||| 00| 0 eng d
040 _aMACL
_cMACL
041 _aHindi
082 _a340 SID
100 _aसिदीकी, एन. एच
_965899
245 _aम. प्र. एवं छ. ग. सिविल सेवा सेवाकी सामान्‍य शर्ते नियम, 1961
_cएन. एच. सिदीकी
260 _aभोपाल
_bसुविधा लॉ हाउस
_c2010
350 _a60
650 _aलॉ
_933609
942 _cHIN
_k340
_2ddc
999 _c48587
_d48587